Building homes - Brighter prospects for council estates (Record no. 29000)

MARC details
000 -LEADER
fixed length control field 00775cab a2200205 4500
001 - CONTROL NUMBER
control field ABS44208
008 - FIXED-LENGTH DATA ELEMENTS--GENERAL INFORMATION
fixed length control field 090401t1991 xxu||||| |||| 00| 0 eng d
035 ## - SYSTEM CONTROL NUMBER
System control number (Sirsi) u45837
041 ## - LANGUAGE CODE
Language code of text/sound track or separate title eng
245 ## - TITLE STATEMENT
Title Building homes - Brighter prospects for council estates
260 ## - PUBLICATION, DISTRIBUTION, ETC.
Date of publication, distribution, etc. 1991
350 ## - PRICE (NR) (BK AM CF MU VM SE) [OBSOLETE]
Price 0
490 ## - SERIES STATEMENT
Series statement Building
Volume/sequential designation Supplement 15 March 1991, 30 pages (LOAN)
520 ## - SUMMARY, ETC.
Summary, etc. Special feature on renovating council estates profiling three refurbishment schemes: Doddington Estate, Battersea; Hyde Park Flats, Sheffield and three estates in Birmingham. Lists useful addresses and publications of further interest. Product directory.
650 ## - SUBJECT ADDED ENTRY--TOPICAL TERM
Topical term or geographic name entry element COUNCIL HOUSING
650 ## - SUBJECT ADDED ENTRY--TOPICAL TERM
Topical term or geographic name entry element HIGH RISE FLATS
690 ## - LOCAL SUBJECT ADDED ENTRY--TOPICAL TERM (OCLC, RLIN)
Topical term or geographic name as entry element Refurbishment
9 (RLIN) 6264
942 ## - ADDED ENTRY ELEMENTS (KOHA)
Suppress in OPAC 0
948 ## - LOCAL PROCESSING INFORMATION (OCLC); SERIES PART DESIGNATOR (RLIN)
c (OCLC) 04/03/1997
Holdings
Withdrawn status Lost status Source of classification or shelving scheme Damaged status Not for loan Home library Current library Shelving location Date acquired Total Checkouts Full call number Barcode Date last seen Copy number Price effective from Koha item type Date last checked out
    Dewey Decimal Classification     London London Journal article 09/01/1992   ABS44208 30032189 06/08/2019 2 06/08/2019 Journal article  
    Dewey Decimal Classification     London London Journal article 14/09/1999 1 ABS44208 30056748 06/08/2019 3 06/08/2019 Journal article 25/01/2001